JIS第二水準の漢字が使用されている駅 - Statistics

General Stats
  • This quiz has been taken 29 times
  • The average score is 15 of 93
Answer Stats
漢字 駅名 % Correct
大甕
52%
驫木
52%
留辺蘂
48%
西留辺蘂
39%
櫟本
35%
熱郛
35%
男衾
30%
鶯谷
30%
鵯越
30%
姨捨
26%
帷子ノ辻
26%
楡木
26%
樅山
26%
黄檗(京阪)
26%
聚楽園
26%
薊野
26%
和邇
26%
頸城大野
26%
雑餉隈
26%
鰺ヶ沢
26%
黄檗(JR)
26%
岩峅寺
22%
北一已
22%
掖上
22%
枡形
22%
椥辻
22%
欅平
22%
猊鼻渓
22%
筬島
22%
艫作
22%
茗荷谷
22%
餘部
22%
高擶
17%
二ツ杁
17%
猿猴橋町
17%
籠原
17%
簗場
17%
螢田
17%
東觜崎
17%
味鋺
17%
飫肥
17%
鶯巣
17%
偕楽園
13%
印旛日本医大
13%
暘谷
13%
杁ヶ池公園
13%
湯檜曽
13%
楡原
13%
涸沼
13%
三潴
13%
獨協大学前
13%
竈山
13%
糀谷
13%
13%
贄川
13%
鍼灸大学前
13%
鶯野
13%
遙堪
13%
榴ヶ岡
9%
小櫃
9%
赤渕
9%
渕東
9%
小田渕
9%
渕高
9%
伯耆大山
9%
葭池温泉前
9%
大藪
9%
藪塚
9%
小金城趾
9%
鯰田
9%
咥内
4%
平山城址公園
4%
壺川
4%
壺阪山
4%
御嶽山
4%
御嶽
4%
唐櫃台
4%
牛渕
4%
牛渕団地前
4%
上丸渕
4%
小渕
4%
丸渕
4%
和渕
4%
伯耆溝口
4%
葭川公園
4%
藪原
4%
蟇目
4%
諫早
4%
西諫早
4%
本諫早
4%
福井城址大名町
0%
藪神
0%
諫早東高校
0%
No matching quizzes found
Score Distribution
Percent of People with Each Score
Percentile by Number Answered
Your Score History
You have not taken this quiz